<?xml version="1.0" encoding="UTF-8"?>
<record
    xmlns:xsi="http://www.w3.org/2001/XMLSchema-instance"
    xsi:schemaLocation="http://www.loc.gov/MARC21/slim http://www.loc.gov/standards/marcxml/schema/MARC21slim.xsd"
    xmlns="http://www.loc.gov/MARC21/slim">

  <leader>01097nam a22002537a 4500</leader>
  <controlfield tag="005">20170124102928.0</controlfield>
  <datafield tag="010" ind1=" " ind2=" ">
    <subfield code="a">B-145193</subfield>
  </datafield>
  <datafield tag="020" ind1=" " ind2=" ">
    <subfield code="c">260.00</subfield>
    <subfield code="a">8186786147</subfield>
  </datafield>
  <datafield tag="035" ind1=" " ind2=" ">
    <subfield code="a">B-145193</subfield>
  </datafield>
  <datafield tag="037" ind1=" " ind2=" ">
    <subfield code="b">Cen Lib/Ret</subfield>
  </datafield>
  <datafield tag="040" ind1=" " ind2=" ">
    <subfield code="a">DPL</subfield>
    <subfield code="b">HN</subfield>
  </datafield>
  <datafield tag="082" ind1=" " ind2=" ">
    <subfield code="a">737.4954</subfield>
    <subfield code="b">&#x91D;&#x93E;&#x905;&#x92E;&#x93F;</subfield>
  </datafield>
  <datafield tag="100" ind1=" " ind2=" ">
    <subfield code="a"> &#x91D;&#x93E;, &#x905;&#x92E;&#x93F;&#x924;&#x947;&#x936;&#x935;&#x930;</subfield>
    <subfield code="9">47813</subfield>
  </datafield>
  <datafield tag="245" ind1=" " ind2=" ">
    <subfield code="a">&#x92D;&#x93E;&#x930;&#x924;&#x940;&#x92F; &#x938;&#x93F;&#x915;&#x94D;&#x915;&#x947; :</subfield>
    <subfield code="c">&#x905;&#x92E;&#x93F;&#x924;&#x947;&#x936;&#x94D;&#x935;&#x930; &#x91D;&#x93E; </subfield>
    <subfield code="b">&#x90F;&#x915; &#x910;&#x924;&#x93F;&#x939;&#x93E;&#x938;&#x93F;&#x915; &#x92A;&#x930;&#x93F;&#x91A;&#x92F; /</subfield>
  </datafield>
  <datafield tag="246" ind1=" " ind2=" ">
    <subfield code="a">Bhartiya sikke : ek aitihasik parichay /</subfield>
    <subfield code="b">by Amiteshvar Jha</subfield>
  </datafield>
  <datafield tag="260" ind1=" " ind2=" ">
    <subfield code="a">&#x92E;&#x939;&#x93E;&#x930;&#x93E;&#x937;&#x94D;&#x91F;&#x94D;&#x930;&#x93E;</subfield>
    <subfield code="b">&#x907; &#x907; &#x930; &#x928; &#x938; &#x92A;&#x92C;&#x94D;&#x932;&#x93F;&#x915;&#x947;&#x936;&#x928;</subfield>
    <subfield code="c">2003</subfield>
  </datafield>
  <datafield tag="270" ind1=" " ind2=" ">
    <subfield code="a">&#x92A; . &#x913;. &#x905;&#x902;&#x91C;&#x928;&#x947;&#x930;&#x940; </subfield>
    <subfield code="b">&#x928;&#x93E;&#x938;&#x93F;&#x915; </subfield>
    <subfield code="e">422213</subfield>
  </datafield>
  <datafield tag="300" ind1=" " ind2=" ">
    <subfield code="a">160 &#x92A;&#x943;. :</subfield>
    <subfield code="c">22&#x938;&#x947;&#x92E;&#x940; (&#x938;&#x91C;&#x93F;&#x932;&#x94D;&#x926;)</subfield>
    <subfield code="b">&#x930;&#x902;&#x917;&#x940;&#x928; &#x91A;&#x93F;&#x924;&#x94D;&#x930;  </subfield>
  </datafield>
  <datafield tag="650" ind1=" " ind2=" ">
    <subfield code="a">&#x92D;&#x93E;&#x930;&#x924;&#x940;&#x92F; &#x908;&#x924;&#x93F;&#x939;&#x93E;&#x938;</subfield>
    <subfield code="9">47814</subfield>
  </datafield>
  <datafield tag="650" ind1=" " ind2=" ">
    <subfield code="a">&#x92D;&#x93E;&#x930;&#x924;&#x940;&#x92F;--&#x938;&#x93F;&#x915;&#x94D;&#x915;&#x947; </subfield>
    <subfield code="9">47815</subfield>
  </datafield>
  <datafield tag="650" ind1=" " ind2=" ">
    <subfield code="a">Indian History</subfield>
    <subfield code="9">47816</subfield>
  </datafield>
  <datafield tag="650" ind1=" " ind2=" ">
    <subfield code="a">History--Coins</subfield>
    <subfield code="9">47817</subfield>
  </datafield>
  <datafield tag="942" ind1=" " ind2=" ">
    <subfield code="2">ddc</subfield>
    <subfield code="c">HN</subfield>
    <subfield code="h">737.4954</subfield>
    <subfield code="m">&#x91D;&#x93E;&#x905;&#x92E;&#x93F;</subfield>
  </datafield>
  <datafield tag="999" ind1=" " ind2=" ">
    <subfield code="c">111717</subfield>
    <subfield code="d">111717</subfield>
  </datafield>
  <datafield tag="952" ind1=" " ind2=" ">
    <subfield code="0">0</subfield>
    <subfield code="1">0</subfield>
    <subfield code="2">ddc</subfield>
    <subfield code="4">0</subfield>
    <subfield code="7">0</subfield>
    <subfield code="a">L</subfield>
    <subfield code="b">L</subfield>
    <subfield code="d">2015-08-05</subfield>
    <subfield code="e">Cen Lib/Ret</subfield>
    <subfield code="g">260.00</subfield>
    <subfield code="l">0</subfield>
    <subfield code="o">737.4954 &#x91D;&#x93E;&#x905;&#x92E;&#x93F;</subfield>
    <subfield code="p">B-145193</subfield>
    <subfield code="r">2015-08-05 00:00:00</subfield>
    <subfield code="t">1</subfield>
    <subfield code="v">260.00</subfield>
    <subfield code="w">2015-08-05</subfield>
    <subfield code="y">HN</subfield>
  </datafield>
</record>
